00557 2200181 4500001002300000005001700023006001900040008004100059035002600100084001700126100001900143245006300162260003200225300002800257650004400285990002300329990002300352NBPULOT00000000000543620140627101609.0a ||| | 171130| ||| |  a 0010-061400000000927 a 658.5 Kus m0 a Hendra Kusuma00a Manajemen Produksi: perencanaan dan pengendalian produksi a Yogyakarta b ANDI c 2004 a xxii, 245 hlm c 21 cm 0a manajemen, ekonomi, manajemen produksi a 17515/APBDII/2013 a 17514/APBDII/2013